[Event "Bristol Fide 2019 Open"]
[Site "Bristol Grammar School"]
[Date "2019.02.16"]
[Round "2.10"]
[White "Handley, Michael"]
[Black "Weatherlake, John"]
[Result "1-0"]
[WhiteElo "1991"]
[BlackElo "1801"]
[PlyCount "75"]
[EventDate "2019.02.15"]
[SourceTitle "Bristol Fide Open 2019"]
[Source "Dave Tipper"]
[SourceDate "2019.03.04"]
[SourceVersion "1"]
[SourceVersionDate "2019.03.04"]
[SourceQuality "2"]

1. d4 d6 2. Nf3 g6 3. g3 Bg7 4. Bg2 Nd7 5. O-O Ngf6 6. c4 e5 7. Nc3 O-O 8. h3
c6 9. e4 a5 10. Be3 Qe7 11. Qc2 Ne8 12. Rae1 Nc7 13. Re2 b5 14. cxb5 cxb5 15.
Rd1 Bb7 16. Red2 Rad8 17. dxe5 dxe5 18. Nd5 Nxd5 19. exd5 Qd6 20. Ng5 Rc8 21.
Qb3 Qa6 22. Bf1 Qa8 23. Qxb5 Nf6 24. Bc5 Rxc5 25. Qxc5 h6 26. Nf3 Ne4 27. Qc4
Nxd2 28. Rxd2 Rd8 29. Qc7 Rxd5 30. Bc4 Rxd2 31. Qxf7+ Kh8 32. Nxd2 e4 33. Qxg6
e3 34. fxe3 Bh1 35. e4 Qd8 36. Kxh1 Qxd2 37. Qe8+ Kh7 38. Bg8+ 1-0

[Event "Bristol Fide 2019 Open"]
[Site "Bristol Grammar School"]
[Date "2019.02.16"]
[Round "2.11"]
[White "Livesey, Nigel"]
[Black "Meek, Stephen"]
[Result "1-0"]
[WhiteElo "1797"]
[BlackElo "1985"]
[PlyCount "115"]
[EventDate "2019.02.15"]
[SourceTitle "Bristol Fide Open 2019"]
[Source "Dave Tipper"]
[SourceDate "2019.03.04"]
[SourceVersion "1"]
[SourceVersionDate "2019.03.04"]
[SourceQuality "2"]

1. c4 g6 2. g3 c5 3. Bg2 Bg7 4. Nc3 Nc6 5. Nf3 e6 6. O-O Nge7 7. d3 O-O 8. Bg5
h6 9. Bf4 e5 10. Bd2 d6 11. Rb1 Rb8 12. a3 a5 13. b3 Be6 14. Ne1 d5 15. cxd5
Nxd5 16. Nxd5 Bxd5 17. Nc2 b6 18. Ne3 Bxg2 19. Kxg2 f5 20. Bc3 Kh7 21. Qd2 Qd7
22. Nc4 Rfd8 23. Qb2 Nd4 24. Bxd4 cxd4 25. Rbc1 e4 26. Rfd1 h5 27. Rb1 Qd5 28.
Kg1 Rdc8 29. Qd2 e3 30. Qe1 exf2+ 31. Qxf2 Bh6 32. Qf3 Qe6 33. b4 axb4 34. Rxb4
b5 35. Rdb1 Qd7 36. a4 Rc5 37. Na3 Bd2 38. Rxb5 Rbxb5 39. axb5 Rc1+ 40. Rxc1
Bxc1 41. Qc6 Be3+ 42. Kg2 Qe7 43. Nc2 Bd2 44. Kf1 h4 45. b6 Ba5 46. b7 Bc7 47.
Nxd4 hxg3 48. hxg3 Bxg3 49. Qf3 Bb8 50. Qd5 Qc7 51. Ne6 Qc1+ 52. Kf2 Ba7+ 53.
d4 Qb2 54. Qd7+ Kh6 55. Qg7+ Kh5 56. Qh7+ Kg4 57. Qxg6+ Kh4 58. Qg3+ 1-0

[Event "Bristol Fide 2019 Open"]
[Site "Bristol Grammar School"]
[Date "2019.02.16"]
[Round "2.12"]
[White "Miller, George"]
[Black "Littleton, Mark"]
[Result "0-1"]
[WhiteElo "1793"]
[BlackElo "1944"]
[PlyCount "137"]
[EventDate "2019.02.15"]
[SourceTitle "Bristol Fide Open 2019"]
[Source "Dave Tipper"]
[SourceDate "2019.03.04"]
[SourceVersion "1"]
[SourceVersionDate "2019.03.04"]
[SourceQuality "2"]

1. Nf3 Nf6 2. g3 e6 3. Bg2 d5 4. O-O Be7 5. d3 O-O 6. Nbd2 c5 7. e4 Nc6 8. Re1
b5 9. e5 Ne8 10. h4 a5 11. Nf1 b4 12. N1h2 Nc7 13. h5 a4 14. h6 g6 15. Bf4 a3
16. b3 Nb5 17. Ng4 Nbd4 18. Qd2 Nxf3+ 19. Bxf3 Nd4 20. Bg2 Bb7 21. Rac1 Rc8 22.
c3 bxc3 23. Qxc3 Nc6 24. Nf6+ Kh8 25. Bg5 Ba6 26. Bxd5 exd5 27. f4 Nb4 28. Rcd1
d4 29. Qc1 Bb7 30. Qxa3 Ra8 31. Qc1 Rxa2 32. Rd2 Rxd2 33. Qxd2 Nd5 34. Ne4 Bxg5
35. fxg5 Qe7 36. Qa5 Ne3 37. Qxc5 Qxc5 38. Nxc5 Bc6 39. Ra1 Ng4 40. e6 fxe6 41.
Nxe6 Rf3 42. Nxd4 Rxg3+ 43. Kf1 Bg2+ 44. Ke1 Rxd3 45. Ra4 Bd5 46. Rb4 Re3+ 47.
Kd2 Kg8 48. Rb8+ Kf7 49. Rh8 Re4 50. Rxh7+ Kg8 51. Rg7+ Kh8 52. Kc3 Ne5 53. Nb5
Rg4 54. Nc7 Bf7 55. Nb5 Rxg5 56. Nd6 Bg8 57. b4 Ng4 58. b5 Nxh6 59. Rd7 Bd5 60.
b6 Kg8 61. b7 Bxb7 62. Rxb7 Nf5 63. Nxf5 Rxf5 64. Kd4 Rf2 65. Ke3 Rf1 66. Ke2
Rf7 67. Rxf7 Kxf7 68. Kf3 Kg7 69. Kg4 0-1

[Event "Bristol Fide 2019 Open"]
[Site "Bristol Grammar School"]
[Date "2019.02.16"]
[Round "2.13"]
[White "Walker, Max"]
[Black "Hosdurga, Chirag"]
[Result "0-1"]
[WhiteElo "1790"]
[BlackElo "1887"]
[PlyCount "78"]
[EventDate "2019.02.15"]
[SourceTitle "Bristol Fide Open 2019"]
[Source "Dave Tipper"]
[SourceDate "2019.03.04"]
[SourceVersion "1"]
[SourceVersionDate "2019.03.04"]
[SourceQuality "2"]

1. e4 c5 2. Nf3 Nc6 3. d4 cxd4 4. Nxd4 Qb6 5. Nb3 Nf6 6. Nc3 e6 7. Be3 Qc7 8.
a3 Be7 9. Be2 a6 10. O-O b5 11. f4 d6 12. Kh1 O-O 13. Qe1 Bb7 14. Bf3 Rfe8 15.
Rd1 Nd7 16. Nd4 Nb6 17. Nxc6 Bxc6 18. Bxb6 Qxb6 19. f5 Bf8 20. Qh4 b4 21. axb4
Qxb4 22. fxe6 Rxe6 23. Bh5 g6 24. Qf4 Qb7 25. Bf3 Bg7 26. e5 Bxf3 27. Rxf3 Bxe5
28. Qc1 Rae8 29. b3 Bxc3 30. Rxc3 Re2 31. Rf3 Qe4 32. Rdf1 Rxc2 33. Qa3 Qe2 34.
Rg1 Qd2 35. Qa1 Re5 36. Qxa6 Rc1 37. Rxc1 Qxc1+ 38. Rf1 Re1 39. Kg1 Qc5+ 0-1

[Event "Bristol Fide 2019 Open"]
[Site "Bristol Grammar School"]
[Date "2019.02.16"]
[Round "2.14"]
[White "Jukes, Sam"]
[Black "Lovell, William"]
[Result "1-0"]
[WhiteElo "1914"]
[BlackElo "1736"]
[PlyCount "79"]
[EventDate "2019.02.15"]
[SourceTitle "Bristol Fide Open 2019"]
[Source "Dave Tipper"]
[SourceDate "2019.03.04"]
[SourceVersion "1"]
[SourceVersionDate "2019.03.04"]
[SourceQuality "2"]

1. e4 c6 2. d4 d5 3. exd5 cxd5 4. c4 Nf6 5. Nc3 Nc6 6. Bg5 e6 7. Nf3 Be7 8. Bd3
O-O 9. O-O dxc4 10. Bxc4 b6 11. Rc1 Bb7 12. Re1 Nd5 13. Bxe7 Ncxe7 14. Bd3 Nf4
15. Be4 Bxe4 16. Nxe4 Ned5 17. g3 Ng6 18. Qd2 Qd7 19. h4 f6 20. Nc3 Rac8 21.
Qe2 Kf7 22. Qe4 Rfd8 23. Qg4 Nf8 24. h5 Nxc3 25. bxc3 Qa4 26. Qf4 Kg8 27. h6
Qd7 28. hxg7 Qxg7 29. Kg2 Ng6 30. Qe4 Re8 31. Rh1 Rcd8 32. Rh5 f5 33. Qe3 f4
34. Qe4 fxg3 35. fxg3 Re7 36. Ng5 h6 37. Nxe6 Qf6 38. d5 Rf8 39. Rxh6 Qf2+ 40.
Kh1 1-0

[Event "Bristol Fide 2019 Open"]
[Site "Bristol Grammar School"]
[Date "2019.02.16"]
[Round "2.15"]
[White "Kramaley, David"]
[Black "Lampard, Alice"]
[Result "1/2-1/2"]
[WhiteElo "1847"]
[BlackElo "1718"]
[PlyCount "119"]
[EventDate "2019.02.15"]
[SourceTitle "Bristol Fide Open 2019"]
[Source "Dave Tipper"]
[SourceDate "2019.03.04"]
[SourceVersion "1"]
[SourceVersionDate "2019.03.04"]
[SourceQuality "2"]

{[%evp 0,119,19,17,28,-5,-7,3,26,2,33,38,36,31,55,40,73,68,65,58,51,69,65,53,
81,75,58,7,65,75,92,-3,4,2,-2,-10,-8,-13,23,-22,27,-20,9,-2,-7,-7,-12,-5,0,-23,
6,0,0,0,7,-1,8,2,0,-19,-17,-4,7,-16,-7,-18,-16,-17,-9,-14,-13,-17,-23,-35,-41,
-34,0,0,0,0,21,16,0,0,-16,-34,-34,-22,-5,-86,-100,-100,-100,-85,-120,-148,-186,
-235,-255,-277,0,0,0,0,0,0,0,0,0,0,0,0,0,0,0,0,0,0,0,0,0,0]} 1. d4 Nf6 2. Bg5
d5 3. e3 g6 4. c4 c6 5. Nc3 Bg7 6. Nf3 O-O 7. Bd3 Bg4 8. h3 Bxf3 9. Qxf3 Qa5
10. Bxf6 Bxf6 11. cxd5 c5 12. O-O cxd4 13. Ne4 Nd7 14. Nxf6+ Nxf6 15. e4 Nd7
16. Qe2 Rac8 17. f4 Nc5 18. Rfd1 Qb6 19. Rd2 Rc7 20. Rad1 Rfc8 21. Qf2 Nxd3 22.
Rxd3 Rc2 23. Qxd4 Qxb2 24. Qxb2 Rxb2 25. R1d2 Rcc2 26. Rxc2 Rxc2 27. Ra3 a6 28.
Kh2 Rc4 29. Re3 Kf8 30. Kg3 Ke8 31. Re2 b5 32. Kg4 h6 33. f5 Kd7 34. fxg6 fxg6
35. Kf4 Kd6 36. h4 a5 37. g4 e6 38. dxe6 Kxe6 39. Rd2 b4 40. Rd5 a4 41. Rb5 Kd6
42. Rb6+ Kc5 43. Rb8 Kd4 44. h5 gxh5 45. gxh5 Kd3 46. Kf5 Rxe4 47. Rb6 Rh4 48.
Kg6 Kc3 49. Kxh6 b3 50. axb3 axb3 51. Rxb3+ Kxb3 52. Kg6 Kc4 53. h6 Kd5 54. h7
Rg4+ 55. Kf6 Rf4+ 56. Kg7 Rg4+ 57. Kf6 Rh4 58. Kg7 Ke6 59. h8=Q Rxh8 60. Kxh8
1/2-1/2

[Event "Bristol Fide 2019 Open"]
[Site "Bristol Grammar School"]
[Date "2019.02.16"]
[Round "2.16"]
[White "LeRoy, Jason"]
[Black "Turner, Joseph"]
[Result "0-1"]
[WhiteElo "1495"]
[BlackElo "1862"]
[PlyCount "36"]
[EventDate "2019.02.15"]
[SourceTitle "Bristol Fide Open 2019"]
[Source "Dave Tipper"]
[SourceDate "2019.03.04"]
[SourceVersion "1"]
[SourceVersionDate "2019.03.04"]
[SourceQuality "2"]

{[%evp 0,36,19,37,17,20,110,96,96,84,87,82,82,93,93,34,37,36,34,24,24,-75,-12,
-7,-15,-70,-65,-102,-105,-87,-79,-75,-80,-91,-88,-146,-69,-29997,-29998]} 1. e4
e5 2. Nf3 g6 3. d4 exd4 4. Qxd4 Nf6 5. Bg5 Be7 6. Nc3 h6 7. Bh4 Nc6 8. Qd2 Nxe4
9. Nxe4 Bxh4 10. Nxh4 Qxh4 11. O-O-O O-O 12. Bd3 d5 13. Ng3 Nb4 14. Kb1 Nxd3
15. Qxd3 Be6 16. Rd2 c5 17. Nf1 Qe4 18. Qg3 Qe1+ 0-1

[Event "Bristol Fide 2019 Open"]
[Site "Bristol Grammar School"]
[Date "2019.02.16"]
[Round "2.17"]
[White "Timmins, Chris"]
[Black "Havard, Gwyn"]
[Result "1-0"]
[WhiteElo "1853"]
[BlackElo "1464"]
[PlyCount "51"]
[EventDate "2019.02.15"]
[SourceTitle "Bristol Fide Open 2019"]
[Source "Dave Tipper"]
[SourceDate "2019.03.04"]
[SourceVersion "1"]
[SourceVersionDate "2019.03.04"]
[SourceQuality "2"]

1. Nf3 d5 2. b3 Bf5 3. Bb2 Nd7 4. d3 Ngf6 5. Nbd2 c5 6. e3 Qc7 7. Qe2 e5 8. e4
dxe4 9. dxe4 Bg6 10. h3 Bd6 11. Qe3 O-O 12. Bd3 Nb6 13. Qe2 Rad8 14. O-O Nh5
15. g3 Qc8 16. Kh2 Rfe8 17. a4 f5 18. exf5 Bxf5 19. Bxf5 Qxf5 20. Qe4 Qf7 21.
Ng5 Nf6 22. Nxf7 Nxe4 23. Nxd8 Nxd2 24. Rfd1 e4 25. Rxd2 Rxd8 26. Rad1 1-0

[Event "Bristol Fide 2019 Open"]
[Site "Bristol Grammar School"]
[Date "2019.02.16"]
[Round "2.18"]
[White "Stannard, Anthony"]
[Black "Cherupalli, Ramprasad"]
[Result "0-1"]
[WhiteElo "1955"]
[BlackElo "1844"]
[PlyCount "142"]
[EventDate "2019.02.15"]
[SourceTitle "Bristol Fide Open 2019"]
[Source "Dave Tipper"]
[SourceDate "2019.03.04"]
[SourceVersion "1"]
[SourceVersionDate "2019.03.04"]
[SourceQuality "2"]

1. e4 e5 2. Nf3 Nf6 3. Nxe5 d6 4. Nf3 Nxe4 5. Nc3 Nf6 6. d4 d5 7. Bg5 Be7 8.
Bd3 Be6 9. Qd2 Nbd7 10. O-O O-O 11. Rfe1 Re8 12. Qf4 c6 13. Ne5 Nh5 14. Bxe7
Nxf4 15. Bxd8 Nxd3 16. Nxd3 Raxd8 17. Re3 Kf8 18. Rae1 Bf5 19. Rxe8+ Rxe8 20.
Rxe8+ Kxe8 21. Ne1 Ke7 22. f3 Kd6 23. Kf2 a6 24. Ne2 h6 25. Ke3 b5 26. Nd3 a5
27. c3 a4 28. b3 axb3 29. axb3 g5 30. g4 Bg6 31. f4 Bxd3 32. Kxd3 Nf6 33. fxg5
hxg5 34. h3 Ne4 35. Ke3 Ke6 36. c4 f6 37. Ng1 bxc4 38. bxc4 Nd6 39. c5 Ne4 40.
Nf3 Kf7 41. h4 gxh4 42. Nxh4 Ke6 43. Nf5 Kd7 44. Kf4 Ke6 45. Kf3 Kd7 46. Kg2
Ke6 47. Kh3 Ng5+ 48. Kh4 Nf3+ 49. Kh5 Nh2 50. Nh4 Nf1 51. Ng2 Ng3+ 52. Kg6 Ne2
53. g5 fxg5 54. Kxg5 Nxd4 55. Nf4+ Ke5 56. Ng6+ Ke4 57. Ne7 Kd3 58. Kf4 Kc4 59.
Ke3 Kxc5 60. Kd3 Ne6 61. Nf5 Kb4 62. Ne3 Kb5 63. Nc2 c5 64. Ne3 c4+ 65. Kc2 d4
66. Nd1 Nc5 67. Nb2 Kb4 68. Nd1 c3 69. Nf2 Kc4 70. Nd1 d3+ 71. Kc1 Nb3+ 0-1

[Event "Bristol Fide 2019 Open"]
[Site "Bristol Grammar School"]
[Date "2019.02.16"]
[Round "2.19"]
[White "Strong, Chris"]
[Black "Hurst, Eddie"]
[Result "0-1"]
[WhiteElo "1541"]
[BlackElo "1917"]
[PlyCount "30"]
[EventDate "2019.02.15"]
[SourceTitle "Bristol Fide Open 2019"]
[Source "Dave Tipper"]
[SourceDate "2019.03.04"]
[SourceVersion "1"]
[SourceVersionDate "2019.03.04"]
[SourceQuality "2"]

1. e4 c6 2. c4 d5 3. exd5 cxd5 4. cxd5 Nf6 5. Bb5+ Bd7 6. Bc4 b5 7. Bb3 Bg4 8.
f3 Bf5 9. Nc3 a6 10. Qe2 Nbd7 11. Ne4 Nb6 12. g4 Bg6 13. h4 Nfxd5 14. h5 Nf4
15. Qe3 Ng2+ 0-1

[Event "Bristol Fide 2019 Open"]
[Site "Bristol Grammar School"]
[Date "2019.02.16"]
[Round "2.20"]
[White "Iwi, Graham"]
[Black "Fielding, Michael"]
[Result "1-0"]
[WhiteElo "1912"]
[BlackElo "1791"]
[PlyCount "139"]
[EventDate "2019.02.15"]
[SourceTitle "Bristol Fide Open 2019"]
[Source "Dave Tipper"]
[SourceDate "2019.03.04"]
[SourceVersion "1"]
[SourceVersionDate "2019.03.04"]
[SourceQuality "2"]

1. e4 e5 2. Nf3 Nf6 3. Nxe5 d6 4. Nf3 Nxe4 5. d4 d5 6. Bd3 Be7 7. O-O O-O 8.
Re1 Bf5 9. c4 c6 10. Qb3 Qb6 11. Qxb6 axb6 12. cxd5 cxd5 13. Nc3 Bb4 14. Nxd5
Bxe1 15. Ne7+ Kh8 16. Nxf5 Nxf2 17. Nxe1 Nxd3 18. Nxd3 Ra5 19. g4 Nc6 20. Be3
Rd8 21. b4 Ra3 22. Ne5 Kg8 23. b5 Nxe5 24. dxe5 Re8 25. Rc1 h6 26. Bd4 Rxa2 27.
Rc7 Ra4 28. h3 Rb4 29. Nd6 Re6 30. Bxb6 Rxe5 31. Rxb7 Re2 32. Rxf7 Rxb5 33.
Rxg7+ Kxg7 34. Nxb5 Kg6 35. Nd4 Ra2 36. Nf3 Ra3 37. Kg2 Ra2+ 38. Kg3 Ra3 39.
Kf4 Ra4+ 40. Bd4 Ra3 41. h4 Ra4 42. Ne5+ Kh7 43. Ke4 Rb4 44. Kd5 Rb1 45. Ke6
Rd1 46. Bc5 Rh1 47. Be7 Re1 48. Bf6 Kg8 49. Kf5 Kh7 50. Nd3 Rb1 51. Nf4 Rf1 52.
Be5 Rh1 53. Ng6 Rf1+ 54. Bf4 Rb1 55. Nf8+ Kg7 56. Ne6+ Kh7 57. Kf6 Rf1 58. Kf7
Rf2 59. g5 hxg5 60. hxg5 Kh8 61. Kg6 Kg8 62. Be5 Re2 63. Kf6 Ra2 64. g6 Rg2 65.
Nf4 Rg1 66. Nd5 Rf1+ 67. Bf4 Rg1 68. Ne7+ Kh8 69. Be5 Rf1+ 70. Kg5+ 1-0

[Event "Bristol Fide 2019 Open"]
[Site "Bristol Grammar School"]
[Date "2019.02.16"]
[Round "2.21"]
[White "Vaughan, Alex"]
[Black "Van Der Velde, Geert"]
[Result "1-0"]
[WhiteElo "1832"]
[BlackElo "1651"]
[PlyCount "99"]
[EventDate "2019.02.15"]
[SourceTitle "Bristol Fide Open 2019"]
[Source "Dave Tipper"]
[SourceDate "2019.03.04"]
[SourceVersion "1"]
[SourceVersionDate "2019.03.04"]
[SourceQuality "2"]

1. e4 c6 2. d4 d5 3. Nc3 dxe4 4. Nxe4 Bf5 5. Ng3 Bg6 6. h4 h6 7. Nf3 Nd7 8. h5
Bh7 9. Bd3 Bxd3 10. Qxd3 e6 11. Bd2 Ngf6 12. O-O-O Bd6 13. Kb1 Qc7 14. Ne4 Nxe4
15. Qxe4 Nf6 16. Qe2 O-O-O 17. a4 Rhe8 18. a5 a6 19. Ne5 Nd5 20. Nc4 e5 21.
Qg4+ f5 22. Qxf5+ Kb8 23. Nxd6 Qxd6 24. dxe5 Rxe5 25. Qg4 Qf6 26. c4 Nc7 27.
Bf4 Rxd1+ 28. Rxd1 Rxa5 29. Rd7 Re5 30. Bxe5 Qxe5 31. Rd8+ Ka7 32. Qd4+ Qxd4
33. Rxd4 Ne6 34. Rd7 Kb6 35. Re7 Nf4 36. Rxg7 Nxh5 37. Rh7 Nf6 38. Rxh6 Ne4 39.
f4 Nd2+ 40. Ka2 Nxc4 41. f5 Kc5 42. f6 Kd6 43. g4 Ne5 44. g5 Nf7 45. Rg6 b5 46.
Rg7 Ke6 47. g6 Ng5 48. f7 Ke7 49. Rg8 Ne6 50. Re8+ 1-0

[Event "Bristol Fide 2019 Open"]
[Site "Bristol Grammar School"]
[Date "2019.02.16"]
[Round "3.1"]
[White "Arkell, Keith"]
[Black "Krzyzanowski, Patryk"]
[Result "1-0"]
[WhiteElo "2460"]
[BlackElo "2092"]
[PlyCount "47"]
[EventDate "2019.02.15"]
[SourceTitle "Bristol Fide Open 2019"]
[Source "Dave Tipper"]
[SourceDate "2019.03.04"]
[SourceVersion "1"]
[SourceVersionDate "2019.03.04"]
[SourceQuality "2"]

1. d4 Nf6 2. Nf3 e6 3. c4 Bb4+ 4. Bd2 Qe7 5. g3 Bxd2+ 6. Qxd2 d6 7. Nc3 O-O 8.
Bg2 e5 9. O-O e4 10. Ng5 Bf5 11. Qf4 Bg6 12. Ngxe4 Nh5 13. Qg5 Qxg5 14. Nxg5
Nc6 15. Nb5 Rae8 16. e3 Bd3 17. Rfc1 Na5 18. Nxc7 Rc8 19. Nd5 Rxc4 20. Rxc4
Bxc4 21. Ne7+ Kh8 22. b3 h6 23. Ne4 Be6 24. d5 1-0

[Event "Bristol Fide 2019 Open"]
[Site "Bristol Grammar School"]
[Date "2019.02.16"]
[Round "3.2"]
[White "Beaumont, Chris"]
[Black "McPhillips, Joseph"]
[Result "1-0"]
[WhiteElo "2254"]
[BlackElo "2411"]
[PlyCount "141"]
[EventDate "2019.02.15"]
[SourceTitle "Bristol Fide Open 2019"]
[Source "Dave Tipper"]
[SourceDate "2019.03.04"]
[SourceVersion "1"]
[SourceVersionDate "2019.03.04"]
[SourceQuality "2"]

1. Nf3 Nf6 2. c4 c6 3. Nc3 d5 4. e3 a6 5. d4 e6 6. Qc2 Nbd7 7. b3 Bb4 8. Bd2
O-O 9. Bd3 Bd6 10. O-O h6 11. Rad1 Nh5 12. e4 dxc4 13. Bxc4 e5 14. Be3 exd4 15.
Bxd4 Qc7 16. Rfe1 Ne5 17. Nxe5 Bxe5 18. h3 Nf4 19. Ne2 Ng6 20. Qc3 a5 21. Qe3
Bxd4 22. Nxd4 Re8 23. Nf3 Be6 24. Qc3 a4 25. b4 Qf4 26. Bxe6 Rxe6 27. Rd7 Rxe4
28. Rxe4 Qxe4 29. Rxb7 Nf4 30. Qe3 Qxe3 31. fxe3 Ne2+ 32. Kf2 Nc3 33. a3 Nb1
34. Rc7 Ra6 35. Nd4 Nxa3 36. Nxc6 Nb5 37. Rc8+ Kh7 38. Na5 Nd6 39. Rc6 Ne4+ 40.
Ke2 Ra8 41. Kd3 f5 42. Kc4 Rb8 43. b5 a3 44. Ra6 a2 45. Nc6 Nd2+ 46. Kb4 Re8
47. Rxa2 Re4+ 48. Kc5 Nb3+ 49. Kd6 Rxe3 50. b6 Rd3+ 51. Kc7 Nc5 52. Ra5 Ne6+
53. Kc8 Rd6 54. Kb7 Rd7+ 55. Kc8 Rd6 56. Kb7 Rd7+ 57. Ka6 Nc7+ 58. bxc7 Rxc7
59. Kb6 Rf7 60. Nd4 g6 61. Kc6 Kg7 62. Kd5 Rd7+ 63. Ke5 Kf7 64. Ra6 Re7+ 65.
Re6 Ra7 66. Rf6+ Kg7 67. Ne6+ Kh7 68. Rf8 g5 69. Kxf5 Ra2 70. Rf7+ Kg8 71. Kg6
1-0

[Event "Bristol Fide 2019 Open"]
[Site "Bristol Grammar School"]
[Date "2019.02.16"]
[Round "3.3"]
[White "Hosdurga, Chirag"]
[Black "Martin, Lewis"]
[Result "0-1"]
[WhiteElo "1887"]
[BlackElo "2165"]
[PlyCount "24"]
[EventDate "2019.02.15"]
[SourceTitle "Bristol Fide Open 2019"]
[Source "Dave Tipper"]
[SourceDate "2019.03.04"]
[SourceVersion "1"]
[SourceVersionDate "2019.03.04"]
[SourceQuality "2"]

1. d4 d5 2. c4 c6 3. Nf3 Nf6 4. cxd5 cxd5 5. Qc2 Nc6 6. Bf4 g6 7. e3 Bf5 8. Bd3
Qa5+ 9. Kd1 Nb4 10. Qc3 Bxd3 11. Bc7 Qb5 12. Ne5 Ne4 0-1

[Event "Bristol Fide 2019 Open"]
[Site "Bristol Grammar School"]
[Date "2019.02.16"]
[Round "3.4"]
[White "Gallagher, Ian"]
[Black "Ward, Andy"]
[Result "1-0"]
[WhiteElo "2089"]
[BlackElo "1801"]
[PlyCount "73"]
[EventDate "2019.02.15"]
[SourceTitle "Bristol Fide Open 2019"]
[Source "Dave Tipper"]
[SourceDate "2019.03.04"]
[SourceVersion "1"]
[SourceVersionDate "2019.03.04"]
[SourceQuality "2"]

1. d4 e6 2. e4 d5 3. Nc3 Bb4 4. exd5 exd5 5. Bd3 Nc6 6. Nge2 Bg4 7. f3 Bh5 8.
O-O Nge7 9. Bg5 f6 10. Be3 Qd7 11. Ng3 Bg6 12. Nce2 O-O-O 13. c3 Bd6 14. b4 Nf5
15. Nxf5 Bxf5 16. Bf4 Bxd3 17. Qxd3 Bxf4 18. Nxf4 g5 19. Ne2 h5 20. Nc1 f5 21.
Nb3 f4 22. Nc5 Qh7 23. Qb5 Rd6 24. Qxb7+ Kd8 25. Rae1 Qf5 26. Qa8+ Qc8 27. Nb7+
Kd7 28. Nc5+ Kd8 29. Nb7+ Kd7 30. Qxc8+ Rxc8 31. Nxd6 Kxd6 32. Re2 Ne7 33. Re5
Rg8 34. Rfe1 Nc6 35. Re8 Rg7 36. b5 Ne7 37. Rd8# 1-0

[Event "Bristol Fide 2019 Open"]
[Site "Bristol Grammar School"]
[Date "2019.02.16"]
[Round "3.5"]
[White "Turner, Joseph"]
[Black "Handley, Michael"]
[Result "1/2-1/2"]
[WhiteElo "1862"]
[BlackElo "1991"]
[PlyCount "138"]
[EventDate "2019.02.15"]
[SourceTitle "Bristol Fide Open 2019"]
[Source "Dave Tipper"]
[SourceDate "2019.03.04"]
[SourceVersion "1"]
[SourceVersionDate "2019.03.04"]
[SourceQuality "2"]

1. e4 e6 2. d3 d5 3. Nd2 c5 4. g3 Nc6 5. Bg2 Nf6 6. Ngf3 Be7 7. O-O Qc7 8. Re1
b5 9. h4 Bb7 10. Nf1 h6 11. Bf4 Qb6 12. e5 Nd7 13. Ne3 d4 14. Ng4 Nb4 15. h5
Nd5 16. Bc1 Nf8 17. Nd2 a6 18. Ne4 Nh7 19. Qf3 Rb8 20. a3 Ng5 21. Qe2 Qc7 22.
f4 Nxe4 23. Bxe4 Qd7 24. Nf2 Bd8 25. Qg4 Ne7 26. Bxb7 Qxb7 27. Ne4 Nf5 28. Qh3
Bc7 29. g4 Ne7 30. Nxc5 Qc6 31. b4 Bb6 32. Nxa6 Ra8 33. Nc5 Bxc5 34. bxc5 Qxc5
35. Qg2 Rc8 36. Bd2 Nd5 37. f5 Ne3 38. Bxe3 dxe3 39. Qe4 Qe7 40. Rxe3 O-O 41.
d4 Qg5 42. Rf1 Rxc2 43. Qxc2 Qxe3+ 44. Qf2 Qg5 45. Qf4 Qxf4 46. Rxf4 Rc8 47.
fxe6 fxe6 48. Rf3 Rc4 49. Rd3 Kf7 50. Kf2 b4 51. axb4 Rxb4 52. Ke3 Rb1 53. Rc3
Re1+ 54. Kf3 Rf1+ 55. Kg2 Rd1 56. Rc7+ Kf8 57. Rd7 Rd3 58. Kf2 Rh3 59. Rc7 Rd3
60. Rc4 Ke7 61. Rc7+ Kf8 62. Rd7 Rh3 63. d5 exd5 64. Rxd5 Ra3 65. Rc5 Rb3 66.
e6 Rb6 67. Rc8+ Ke7 68. Rc7+ Kf8 69. Rf7+ Kg8 1/2-1/2

[Event "Bristol Fide 2019 Open"]
[Site "Bristol Grammar School"]
[Date "2019.02.16"]
[Round "3.6"]
[White "Cherupalli, Ramprasad"]
[Black "Smith, Chris"]
[Result "1/2-1/2"]
[WhiteElo "1844"]
[BlackElo "1957"]
[PlyCount "116"]
[EventDate "2019.02.15"]
[SourceTitle "Bristol Fide Open 2019"]
[Source "Dave Tipper"]
[SourceDate "2019.03.04"]
[SourceVersion "1"]
[SourceVersionDate "2019.03.04"]
[SourceQuality "2"]

1. Nf3 d5 2. g3 Nf6 3. c4 c6 4. Bg2 Nbd7 5. cxd5 cxd5 6. d4 e6 7. O-O Bd6 8.
Nc3 a6 9. e4 Nxe4 10. Nxe4 dxe4 11. Ng5 Nf6 12. Nxe4 Nxe4 13. Bxe4 h5 14. h4
Be7 15. Qf3 Ra7 16. Be3 b6 17. Rad1 f5 18. Bc6+ Kf8 19. d5 e5 20. d6 Bf6 21. d7
Bxd7 22. Qd5 Bxc6 23. Qxd8+ Bxd8 24. Rxd8+ Be8 25. Rc1 Rd7 26. Ra8 Kf7 27. Rxa6
b5 28. Ra8 Rd6 29. Kf1 Rg8 30. Rc7+ Kg6 31. Ke1 Bf7 32. Rxg8 Bxg8 33. Rc5 Bxa2
34. Rxb5 Bd5 35. Rb6 Rxb6 36. Bxb6 f4 37. Bc7 fxg3 38. fxg3 Kf5 39. Kd2 g5 40.
hxg5 Kxg5 41. Bd8+ Kg4 42. Bh4 Kf3 43. Bf6 e4 44. Be5 Kf2 45. Bf4 Bc4 46. b4
Bb5 47. Bg5 Kxg3 48. Ke3 Bc6 49. b5 Bb7 50. Bf4+ Kg4 51. b6 h4 52. Bc7 Kh3 53.
Kf2 Bc6 54. Bd6 Kg4 55. Bc7 Kf5 56. Bd8 Kg4 57. Bc7 h3 58. Bd6 Bb7 1/2-1/2

[Event "Bristol Fide 2019 Open"]
[Site "Bristol Grammar School"]
[Date "2019.02.16"]
[Round "3.7"]
[White "Jukes, Sam"]
[Black "Livesey, Nigel"]
[Result "1-0"]
[WhiteElo "1914"]
[BlackElo "1797"]
[PlyCount "73"]
[EventDate "2019.02.15"]
[SourceTitle "Bristol Fide Open 2019"]
[Source "Dave Tipper"]
[SourceDate "2019.03.04"]
[SourceVersion "1"]
[SourceVersionDate "2019.03.04"]
[SourceQuality "2"]

1. e4 c6 2. d4 d5 3. exd5 cxd5 4. c4 Nf6 5. Nc3 e6 6. Nf3 Be7 7. Bd3 O-O 8. O-O
b6 9. Ne5 Bb7 10. Re1 Nc6 11. Nxc6 Bxc6 12. cxd5 Nxd5 13. Ne2 Bf6 14. Bxh7+
Kxh7 15. Qc2+ g6 16. Qxc6 Rc8 17. Qa4 Qd6 18. Bd2 e5 19. dxe5 Bxe5 20. Qh4+ Kg8
21. Rac1 Bxb2 22. Rxc8 Rxc8 23. Ng3 Qf6 24. Qg4 Qc6 25. h4 Nf6 26. Qf4 Re8 27.
Rxe8+ Qxe8 28. Qb4 Qe5 29. Bh6 Nd7 30. Ne4 Nc5 31. Ng5 Bc3 32. Qg4 Qe1+ 33. Kh2
Qe5+ 34. f4 Qf5 35. Qf3 Nb7 36. Qxc3 Qxf4+ 37. Kg1 1-0

[Event "Bristol Fide 2019 Open"]
[Site "Bristol Grammar School"]
[Date "2019.02.16"]
[Round "3.8"]
[White "Garcia, Oscar"]
[Black "Timmins, Chris"]
[Result "1/2-1/2"]
[WhiteElo "2075"]
[BlackElo "1853"]
[PlyCount "55"]
[EventDate "2019.02.15"]
[SourceTitle "Bristol Fide Open 2019"]
[Source "Dave Tipper"]
[SourceDate "2019.03.04"]
[SourceVersion "1"]
[SourceVersionDate "2019.03.04"]
[SourceQuality "2"]

1. e4 e5 2. Bc4 Nf6 3. d3 d5 4. exd5 Nxd5 5. Nf3 Nc6 6. O-O Be6 7. Re1 Bd6 8.
d4 Ne3 9. Bxe3 Bxc4 10. Bg5 f6 11. dxe5 O-O 12. exf6 gxf6 13. Bh6 Re8 14. Nbd2
Bd5 15. Nf1 Bf7 16. Rxe8+ Qxe8 17. Qd2 Bh5 18. Qc3 Qg6 19. Bd2 Re8 20. Ng3 Bxf3
21. Qxf3 Qxc2 22. Qd5+ Kh8 23. Bc3 Be5 24. Qf7 Qg6 25. Qxg6 hxg6 26. Ne4 Bxc3
27. Nxc3 Rd8 28. Rd1 1/2-1/2